How african manufacturing industries can break into export markets with lessons from east Asia
Salvato in:
| Autore principale: | |
|---|---|
| Natura: | Libro |
| Lingua: | inglese |
| Pubblicazione: |
Geneva
United Nations/United Nations Conference on Trade and Development
1998
|
| Serie: | African development in a comparative perspective
Study No. 5 |
| Soggetti: | |
| Tags: |
Nessun Tag, puoi essere il primo ad aggiungerne!!
|
MARC
| LEADER | 00000nam a2200000 4500 | ||
|---|---|---|---|
| 001 | c124710 | ||
| 005 | 20221221082549.0 | ||
| 041 | 0 | |a eng | |
| 044 | |a CH | ||
| 245 | 1 | 0 | |a How african manufacturing industries can break into export markets |b with lessons from east Asia |c Samuel Wangwe |
| 264 | 1 | |a Geneva |b United Nations/United Nations Conference on Trade and Development |c 1998 | |
| 300 | |a 22 s. | ||
| 490 | 1 | |a African development in a comparative perspective |v Study No. 5 | |
| 830 | 0 | |a African development in a comparative perspective |v Study No. 5 | |
| 610 | 2 | 0 | |a výroba |
| 610 | 2 | 0 | |a produkcia |
| 610 | 2 | 0 | |a priemysel |
| 610 | 2 | 0 | |a vývoz |
| 610 | 2 | 0 | |a trh |
| 610 | 2 | 0 | |a firmy |
| 610 | 2 | 0 | |a investície |
| 610 | 2 | 0 | |a technológia |
| 610 | 2 | 0 | |a investovanie |
| 610 | 2 | 0 | |a marketing |
| 610 | 2 | 0 | |a zdroje ľudské |
| 610 | 2 | 0 | |a dovoz |
| 610 | 2 | 0 | |a regióny |
| 610 | 2 | 0 | |a integrácia |
| 610 | 2 | 0 | |a Ázia |
| 610 | 2 | 0 | |a Afrika |
| 610 | 2 | 0 | |a OSN |
| 100 | 1 | |a Wangwe, Samuel | |